| 000 | 01411nam a2200325 a 4500 | ||
|---|---|---|---|
| 001 | ebr10506378 | ||
| 003 | CaPaEBR | ||
| 006 | m u | ||
| 007 | cr cn||||||||| | ||
| 008 | 111121s2011 ne a sbm 000 0 dut d | ||
| 020 | _z9789051995275 | ||
| 020 | _z9789051995282 (e-book) | ||
| 040 |
_aCaPaEBR _cCaPaEBR |
||
| 035 | _a(OCoLC)758824858 | ||
| 050 | 1 | 4 |
_aK3585.5 _b.D36 2011eb |
| 100 | 1 | _aDankert, Ritske. | |
| 245 | 1 | 0 |
_aBalanceren tussen uitvoering en bewuste afwijking van beleid _h[electronic resource] : _bDe implementatie van strategisch voorraadbeleid door woningcorporaties / _cRitske Dankert. |
| 260 |
_aAmsterdam, The Netherlands : _bIOS Press, _c2011. |
||
| 300 |
_a353 p. : _bill. |
||
| 490 | 1 |
_aSustainable urban areas, _x1574-6410 ; _v40 |
|
| 502 | _aProefschrift--Technische Universiteit Delft, 2011. | ||
| 504 | _aIncludes bibliographical references. | ||
| 533 |
_aElectronic reproduction. _bPalo Alto, Calif. : _cebrary, _d2013. _nAvailable via World Wide Web. _nAccess may be limited to ebrary affiliated libraries. |
||
| 650 | 0 |
_aSustainable development _xLaw and legislation. |
|
| 650 | 0 | _aSustainable urban development. | |
| 655 | 7 |
_aElectronic books. _2local |
|
| 710 | 2 | _aebrary, Inc. | |
| 830 | 0 |
_aSustainable urban areas ; _v40. |
|
| 856 | 4 | 0 |
_uhttp://site.ebrary.com/lib/rucke/Doc?id=10506378 _zAn electronic book accessible through the World Wide Web; click to view |
| 999 |
_c218747 _d218747 |
||